| 000 | 00529nam a2200181Ia 4500 | ||
|---|---|---|---|
| 999 |
_c14340 _d14340 |
||
| 003 | OSt | ||
| 005 | 20201110122729.0 | ||
| 008 | 190216s9999||||xx |||||||||||||| ||und|| | ||
| 020 | _a9780143335337 | ||
| 040 | _coclc | ||
| 082 |
_a823.1 _bBON/P |
||
| 100 | 1 |
_aBond, Ruskin _92056 |
|
| 245 | 0 |
_aThe Puffin Book of Classic School Stories / _cRuskin Bond |
|
| 260 |
_bPuffin Books, _aNew Delhi: _c2006 |
||
| 300 | _a245p | ||
| 650 | _aEnglish-Fiction English | ||
| 942 |
_cBK _2ddc _h823.1 _iBON/P _k823.1 _mBON/P |
||